00560nam a2200193Ia 4500003000900000008004100009040001300050040001300063041000800076100002300084100000700107245016100114260003600275260000900311300001100320300001000331490001900341490000600360IT-RoPAU120407s9999 xx 000 0 und d aIT-RoPAU cIT-RoPAU aita aM. Margaret Tapang csr 4aThe mission of the Pious Disciples of The Divine Master in the Church and in the world today in the light of J. Alberione’s apostolic spirituality. s.c.  aPie Discepole del Divin Maestro c1987 a148 p. c21 cm auso manosritto v1